000 00430nam a2200181Ia 4500
001 721
005 20260306140538.0
008 260306t2008||||xx |||||||||||||| ||spa||
041 _aESP
082 _a146.3
_bL95
100 _aLubac, Henri de (1896-1991)
_eAUT
245 0 _aEl drama del humanismo ateo
260 _c2008
300 _avi, 277 páginas :
_c23 cm.
650 _aGEN
654 _aCHU
942 _cLIB
_dJUS
_fJUS
_2ddc
_n
999 _c721
_d721